| 000 | 00683nam a22002172 4500 | ||
|---|---|---|---|
| 001 | 0000012740 | ||
| 005 | 20151021151123.0 | ||
| 008 | 090317s xx 000 0 eng d | ||
| 020 | _a1847390851 : | ||
| 040 |
_aKABU _cKABU |
||
| 100 | 1 |
_aBhutto, Benazir. _@0000052056 |
|
| 245 | 1 | 0 |
_aDaughter of the East : _ban autobiography / _cBenazir Bhutto. |
| 250 | _a1st ed. | ||
| 260 |
_aLondon : _bSimon & Schuster, _c2007. |
||
| 300 | _axx, 442 p. | ||
| 600 | 1 | 0 |
_aBhutto, Benazir. _@0000052056 |
| 651 | 0 |
_aPakistan _xPolitics and government _y1971 - 1988. _@0000169647 |
|
| 852 | 1 | _9p1420 KES | |
| 908 | _a090317 | ||
| 950 | _@1 | ||
| 999 |
_c886 _d886 |
||